Le Cap - Choix multiples - Statistiques

Statistiques générales
  • Ce quiz a été pris 1 900 fois
  • Le résultat moyen est 6 sur 10
Statistiques - réponses
Question Réponse % Correct
Laquelle de ces personnalités a été emprisonnée dans la prison de Robben Island, au large du Cap ? Nelson Mandela
94%
Lequel de ces quartiers d'affaires est celui du Cap ?
82%
Comment s'appelle le "cap" du Cap? Cap de Bonne-Espérance
82%
Quel événement sportif a eu lieu au Cap en 2010 ? Coupe du monde de football
80%
Quel animal emblématique pourriez-vous observer en colonie à Boulders Beach ? Manchot
60%
Comment s'appelle la montagne qui surplombe la ville ? Montagne de la Table
59%
Lequel de ces pays n'a jamais contrôlé Le Cap ? Royaume zoulou
50%
Laquelle de ces langues est la langue maternelle la plus courante au Cap ? Anglais
42%
Comment s'appelle le "magnifique" sandwich rempli de frites typique du Cap ? Gatsby
38%
Quel rôle joue Le Cap en tant que capitale de l'Afrique du Sud ? Législatif
32%
Aucun quiz correspondant
Distribution des résultats
% des personnes avec chaque résultat
Percentile par nombre de réponses
Votre historique - résultats
Vous n’avez pas pris ce quiz